Quizzes
Events
Quiz Creation
Community
Videos
Private Events
Remove Ads
Sign In
Join for FREE
Feedback
Dark Mode
Quiz Categories
Sports
Geography
Music
Movies
Television
Just For Fun
Miscellaneous
History
Literature
Language
Science
Gaming
Entertainment
Religion
Holiday
For Kids
Quiz Lab
Recent
Popular Today
Quiz Kudos Today
Editor Picks
Curator Picks
Quizzes by...
Day
Popularity
Type
Ratings
Length
Year
Community
Subscriptions
Recent Discussions
Orange Saloon
Badges
Playlists
Quests
Create
Leaderboards
Showdown
Live 5
Trivia Bingo
Activity
Puzzle Library
Sporcle Events
Private Events
Virtual Trivia
Globe League
Become a Host
Pub Owners
SporcleCon
Opinionation
Our Games
Videos
Blog
Mobile Apps
Partnerships
Remove Ads and Go Orange
Feedback
Sports
Athletes
MLB
NBA
NHL
NFL
Soccer
Sports Teams
WWE
NCAA
Football
Premier League
Basketball
Baseball
Hockey
Golf
Tennis
Cricket
Rugby
Auto Racing
Olympics
World Cup
Sports
Athletes
MLB
NBA
NHL
NFL
Soccer
Sports Teams
WWE
NCAA
Football
Premier League
Basketball
Baseball
Hockey
Golf
Tennis
Cricket
Rugby
Auto Racing
Olympics
World Cup
Random Quiz
Search Sporcle
×
Quiz Lab
Quiz Lab
Sports
NASCAR
Type in answers that appear in a list
Type in answers that appear in a list
Classic
Best Score? Go Orange.
2007 Daytona 500 Entry List Stats
Can you name every driver to attempt the 2007 Daytona 500?
By
Bayne6
10m
61 Questions
153 Plays
153 Plays
153 Plays
Comments
Comments
Give Quiz Kudos
Give Quiz Kudos
-
- Ratings
hide this ad
Replay
Link that replays current quiz
Next Quiz
Link to next quiz in quiz playlist
You Got
0%
They Got
Avg Score
81%
Avg Friend Score
Upgrade to see
Score Distribution
Jump to the score distribution portion of the page
Score
0/61
Timer
10:00
0
Plays Today
Number
Driver
% Correct
01
Mark Martin
99.3%
2
Kurt Busch
98%
5
Kyle Busch
98%
6
David Ragan
96.7%
7
Robby Gordon
96.7%
9
Kasey Kahne
96.1%
11
Denny Hamlin
96.1%
24
Jeff Gordon
96.1%
31
Jeff Burton
95.4%
4
Ward Burton
94.8%
16
Greg Biffle
94.8%
17
Matt Kenseth
94.1%
20
Tony Stewart
93.5%
25
Casey Mears
93.5%
12
Ryan Newman
92.8%
15
Paul Menard
91.5%
29
Kevin Harvick
91.5%
99
Carl Edwards
91.5%
8
Dale Earnhardt, Jr.
90.8%
26
Jamie McMurray
90.8%
18
JJ Yeley
90.2%
43
Bobby Labonte
90.2%
55
Michael Waltrip
90.2%
22
Dave Blaney
89.5%
48
Jimmie Johnson
89.5%
14
Sterling Marlin
88.9%
19
Elliott Sadler
88.9%
83
Brian Vickers
88.9%
1
Martin Truex, Jr.
88.2%
10
Scott Riggs
88.2%
42
Juan Pablo Montoya
88.2%
Number
Driver
% Correct
13
Joe Nemechek
87.6%
78
Kenny Wallace
86.9%
09
Mike Wallace
86.9%
21
Ken Schrader
86.3%
45
Kyle Petty
85.6%
07
Clint Bowyer
85.6%
88
Ricky Rudd
84.3%
44
Dale Jarrett
83.7%
00
David Reutimann
83.7%
41
Reed Sorenson
83%
38
David Gilliland
82.4%
84
AJ Allmendinger
81.7%
96
Tony Raines
78.4%
40
David Stremme
77.8%
70
Johnny Sauter
77.1%
37
Bill Elliott
75.8%
66
Jeff Green
74.5%
39
Regan Smith
68.6%
36
Jeremy Mayfield
68%
60
Boris Said
67.3%
27
Kirk Shelmerdine
62.7%
23
Mike Skinner
60.8%
74
Derrike Cope
59.5%
04
Eric McClure
58.8%
49
Mike Bliss
56.2%
34
Kevin LePage
53.6%
58
James Hylton
51%
72
Brandon Whitt
41.2%
30
Stanton Barrett
34.6%
71
Frank Kimmel
29.4%
Quiz Playlist
Details
Report
Send in Message
Add To Playlist
Classic:
Type in answers that appear in a list
Last Updated: Aug 11, 2021
Quiz Scoreboard
CHALLENGE
Sign Up to Join the Scoreboard
Show All
Scores
Hide
Comments
May contain spoilers
Recently Published
College Basketball Coaching Resumes
by pancakes188
Sports
9m
Billboard Blitz: Fleetwood Mac
by CooCooCachoo
Music
15s
Presidents Visiting Landmarks
by Hejman
History
7m
More to Explore
Quiz From the Vault
Featured Blog Post
Where Did the Easter Bunny Come From?
hide this ad
You Might Also Like...
Tags
NASCAR
Today's Top Quizzes in Sports
Browse Sports
hide this ad
Today's Top Quizzes in NASCAR
Browse NASCAR
Top Contributed Quizzes in Sports
1
2022 World Cup Stars
2
Les meilleurs buteurs des matchs entre le PSG et l’OM
3
FIFA Club World Cup Champions
4
Les entraîneurs de l'OM et du PSG au 21e siècle
5
Criteria MLB: Left Handed Sluggers
6
AFC Teams Reveal (Wrong Answers Minefield)
7
5-to-1: UK Sports Teams
8
5-to-1: FBS Animal Nicknames
9
2023 MLB Unique Player Accomplishments
10
Name the Premier League winners with different clubs
Explore More
Trending Topics
Disney
Crossword
NBA
Marvel
Anime
Harry Potter
Kpop
NFL
WWE
Puzzle
Song
Soccer
Country
The Office
Pokémon
hide this ad
More By:
Bayne6
Quiz
Plays
Rating
Category
Featured
Created
2007 Daytona 500 Entry List
153
Sports
Jan 21, 2017
2017 Monster Energy NASCAR Cup Series Roster
115
Sports
Jun 19, 2017
Kyle Busch Motorsports Driver History
60
5.00
Sports
Aug 28, 2021
Team Penske's Driver History (NASCAR)
58
Sports
Aug 12, 2021
1994 Brickyard 400 Entry List
54
5.00
Sports
Dec 26, 2020
Go to Creator's Profile
Score Distribution
Quiz Creator Spotlight
Bayne6
Follow
Send a Message
Quizzes Created
-
Created Quiz Play Count
-
More By This Creator
Popular Quizzes Today
1
Find the US States - No Outlines Minefield
2
Find the Countries of Europe - No Outlines Minefield
3
The Countries of the World
4
Find the US States
5
Risky Map Clicking: Biggest States A-Z
6
US States
7
Popular People in 1961
8
Movies - When Are They Set?
More Sports Quizzes
NCAA Basketball Championship Without #1 Ranking
Published
Trending Quizzes
Risky Map Clicking: Least Populous States A-Z
1-10 Letter G Words
1-10 Letter F Words
Risky Map Clicking: Next State Alphabetically
Risky Map Clicking: Biggest States A-Z
Recently Updated
Leaping Animals
pecheneg
Reality TV Shows (A-Z)
bhenderson79
Rickey Henderson's Hall of Fame Teammates
pecheneg
Champions League XIs: Arsenal
pecheneg
Quick Pick: Celebrities in WWE's Hall of Fame
aduchscher
A-Z Keypad Blitz II
pecheneg
Multiple Oscar Actors
pecheneg
Mystery Phrase Blitz: Oscar 'Best Actors'
pecheneg
F. Scott Fitzgerald Novels
LTH
Pick 3 Villains
ddd62291
Trending Topics
NBA
Anime
Kpop
Crossword
Marvel
Disney
Harry Potter
Soccer
Pokémon
Puzzle
NFL
WWE
Country
Song
The Office
Your Account Isn't Verified!
In order to create a playlist on Sporcle, you need to verify the email address you used during registration. Go to your
Sporcle Settings
to finish the process.
Report this User
Report this user for behavior that violates our
Community Guidelines
.
Details:
Send Report
Go to the Sporcle.com Mobile Site →
Comments